00573 2200205 4500001002100000005001500021035002000036245008000056100001300136250000600149300003200155700000900187260003600196082001200232084001800244020002200262600002500284008004100309990001700350INLIS00000000000186820260114091230 a0010-01260000041 aIlmuwan Muslim :bAd-Damiri Peneliti Binatang /cFika N.K; Ilustrator, Nano0 aFika N.K a- a18 hlm. :bilus. ;c17,5 cm0 aNano aBandung :bPelangi Mizan,c2021 a297.092 a297.092 FIK i a978-602-472-255-5 4aBiografi tokoh islam260114 0  a05459/H/2026